Sports Quiz

Random Sports Quiz

Inaugural 1962 New York Mets Roster Quiz Stats

 Plays Quiz not verified by Sporcle

Challenge
Share
Tweet
Embed
Score 0/30 Timer 05:00
0 Plays Today
POS PLAYER % Correct
*OFRichie Ashburn
83.5%
*1BGil Hodges
83.5%
*PRoger Craig
79.7%
PAl Jackson
75.9%
*INFFelix Mantilla
73.4%
*OFFrank Thomas
73.4%
*2BCharlie Neal
69.6%
*3BDon Zimmer
68.4%
PJay Hook
67.1%
*OFGus Bell
64.6%
CClarence Coleman
64.6%
*CHobie Landrith
59.5%
INFElio Chacon
58.2%
PBob L. Miller
48.1%
OFBobby Gene Smith
46.8%
POS PLAYER % Correct
PSherman Jones
45.6%
CChris Cannizzaro
44.3%
2BRod Kanehl
44.3%
PCraig Anderson
43%
OFJoe Christopher
36.7%
1BEd Bouchee
35.4%
PKen MacKenzie
35.4%
PClem Labine
31.6%
OFJohn DeMerit
30.4%
INFSammy Drake
24.1%
INFJim Marshall
22.8%
CJoe Ginsberg
22.8%
PRay Daviault
16.5%
PHerb Moford
12.7%
PBob Moorhead
11.4%

You're not logged in!

Compare scores with friends on all Sporcle quizzes.
OR
Log In

You Might Also Like...

Show Comments

Extras

Top Quizzes Today


Score Distribution

Your Account Isn't Verified!

In order to create a playlist on Sporcle, you need to verify the email address you used during registration. Go to your Sporcle Settings to finish the process.

Report this User

Report this user for behavior that violates our Community Guidelines.

Details: